[Event "Olimpiade 2014 - Open"]
[Site "Tromsø"]
[Date "08.08.2014"]
[Round "6.41"]
[Board "1"]
[White "Salem, A.R. Saleh"]
[Black "Flores Rios, Mauricio"]
[Result "1-0"]
[WhiteTitle "GM"]
[BlackTitle "GM"]
[WhiteElo "2591"]
[BlackElo "2537"]
[WhiteTeam "United Arab Emirates"]
[BlackTeam "Chile"]
[WhiteFideId "9301348"]
[BlackFideId "3408027"]
[EventDate "2014.08.02"]

1. e4 e5 2. Nf3 Nc6 3. Bb5 a6 4. Ba4 Nf6 5. O-O Be7 6. Re1 b5 7. Bb3 d6 8. c3
O-O 9. h3 Nb8 10. d4 Nbd7 11. Nbd2 Bb7 12. Bc2 Re8 13. Nf1 Bf8 14. Ng3 g6 15.
Bg5 h6 16. Bd2 Bg7 17. Qc1 Kh7 18. b3 Rc8 19. Rb1 c6 20. a4 Qc7 21. Bd3 Rcd8 22.
Qc2 Bc8 23. Ra1 Bb7 24. b4 Nb6 25. a5 Na8 26. Be3 Qb8 27. Qa2 Bc8 28. Rad1 Nc7
29. Bc2 Be6 30. Qb1 Ng8 31. Nf5 Bf6 32. dxe5 dxe5 33. Nd6 Re7 34. Bc5 Red7 35.
Bb3 Kg7 36. Rd2 Bxb3 37. Qxb3 Ne6 38. Red1 Nxc5 39. bxc5 Kf8 40. g4 Re7 41. Kg2
Qa8 42. h4 Rb8 43. g5 Bh8 44. h5 Qa7 45. hxg6 fxg6 46. Nh4 Kg7 47. Ndf5+ gxf5
48. Nxf5+ Kg6 49. Rd6+ 1-0

[Event "Olimpiade 2014 - Open"]
[Site "Tromsø"]
[Date "08.08.2014"]
[Round "6.41"]
[Board "2"]
[White "Henriquez Villagra, Cristobal"]
[Black "Omar, Noaman"]
[Result "1-0"]
[WhiteTitle "IM"]
[BlackTitle "IM"]
[WhiteElo "2457"]
[BlackElo "2350"]
[WhiteTeam "Chile"]
[BlackTeam "United Arab Emirates"]
[WhiteFideId "3409350"]
[BlackFideId "9300244"]
[EventDate "2014.08.02"]

1. d4 d5 2. c4 e6 3. Nf3 Nf6 4. e3 Be7 5. b3 O-O 6. Bd3 c5 7. O-O cxd4 8. exd4
dxc4 9. bxc4 b6 10. Bb2 Bb7 11. Nbd2 Nc6 12. Qe2 Rc8 13. Rac1 Re8 14. Rfd1 Bf8
15. Nf1 g6 16. Ne3 Bg7 17. Bb1 Ba6 18. Ne5 Na5 19. Bc2 Re7 20. Bd3 Rec7 21. Bc3
Nc6 22. Nf3 Rd7 23. Qb2 Nh5 24. Bf1 Na5 25. Bxa5 bxa5 26. c5 Bb7 27. Ne5 Bxe5
28. dxe5 Rxd1 29. Rxd1 Qc7 30. Nc4 Bd5 31. Nd6 Rb8 32. Qc1 Qc6 33. a4 a6 34. h4
Rb4 35. Qg5 Rb8 36. Rc1 Ng7 37. Qe7 Rf8 38. Qa7 Nf5 39. Qxa6 Bxg2 40. Qxc6 Bxc6
41. Bb5 Ne7 42. f4 f6 43. Nc4 Bd5 44. Nxa5 fxe5 45. fxe5 Rf4 46. Rc3 Rxh4 47. c6
g5 48. c7 g4 49. c8=Q+ Nxc8 50. Rxc8+ Kg7 51. Bc6 Rh1+ 52. Kf2 Bxc6 53. Rxc6 Kg6
54. Rxe6+ Kf5 55. Re8 Rh2+ 56. Kg1 Rc2 57. Nb3 Kf4 58. e6 Kg3 59. e7 Rc7 60. Nd2
h5 61. Nf1+ Kh4 62. a5 g3 63. Nxg3 1-0

[Event "Olimpiade 2014 - Open"]
[Site "Tromsø"]
[Date "08.08.2014"]
[Round "6.41"]
[Board "3"]
[White "AlHuwar, Jasem"]
[Black "Valenzuela Fuentealba, Luis"]
[Result "0-1"]
[WhiteTitle "FM"]
[BlackTitle "IM"]
[WhiteElo "2277"]
[BlackElo "2455"]
[WhiteTeam "United Arab Emirates"]
[BlackTeam "Chile"]
[WhiteFideId "9300465"]
[BlackFideId "3401294"]
[EventDate "2014.08.02"]

1. Nf3 d5 2. g3 g6 3. Bg2 Bg7 4. d4 Nf6 5. c4 dxc4 6. O-O O-O 7. Na3 Nc6 8. Nxc4
Be6 9. b3 a5 10. Bb2 Bd5 11. Rc1 a4 12. Ne3 Be4 13. Ne5 Bxg2 14. Kxg2 Ra6 15.
Nxc6 bxc6 16. bxa4 Qa8 17. Rc4 Nd7 18. Ba3 c5+ 19. d5 Bd4 20. Kg1 Rd8 21. Qc1
Nb6 22. Rc2 Nxa4 23. Nc4 Rxd5 24. e3 Bg7 25. Rd1 e6 26. Re1 h5 27. e4 Rd3 28. e5
h4 29. Re3 Rd4 30. Qf1 Qd5 31. Re1 Qa8 32. Nd2 Bf8 33. Nb3 Rd5 34. Rec1 Nc3 35.
Rxc3 Rxa3 36. gxh4 Rxe5 37. Rg3 Rxa2 38. Qd3 Qd5 39. Qc3 c4 40. Nd4 Ra3 41. Qd2
Rxg3+ 42. hxg3 Bc5 0-1

[Event "Olimpiade 2014 - Open"]
[Site "Tromsø"]
[Date "08.08.2014"]
[Round "6.41"]
[Board "4"]
[White "Salinas Herrera, Pablo"]
[Black "Khouri, Ibrahim Mohamed"]
[Result "1-0"]
[WhiteTitle "FM"]
[BlackTitle "FM"]
[WhiteElo "2398"]
[BlackElo "2225"]
[WhiteTeam "Chile"]
[BlackTeam "United Arab Emirates"]
[WhiteFideId "3407128"]
[BlackFideId "9301526"]
[EventDate "2014.08.02"]

1. e4 e5 2. Nf3 Nc6 3. Bb5 a6 4. Ba4 Nf6 5. O-O Be7 6. d3 b5 7. Bb3 d6 8. a3 O-O
9. Nc3 Na5 10. Ba2 c5 11. Nd5 Nc6 12. c3 h6 13. Re1 Bb7 14. b4 Re8 15. Nxe7+
Qxe7 16. Nh4 Bc8 17. Qf3 a5 18. bxc5 dxc5 19. Nf5 Bxf5 20. Qxf5 Rad8 21. Bxh6
gxh6 22. Qg6+ Kh8 23. Qxh6+ Nh7 24. Qxc6 Rg8 25. Re3 Qg5 26. g3 Nf6 27. Rf3 Ng4
28. Rf5 1-0

[Event "Olimpiade 2014 - Open"]
[Site "Tromsø"]
[Date "08.08.2014"]
[Round "6.42"]
[Board "1"]
[White "Rahman, Ziaur"]
[Black "Zhang, Zhong"]
[Result "0-1"]
[WhiteTitle "GM"]
[BlackTitle "GM"]
[WhiteElo "2523"]
[BlackElo "2611"]
[WhiteTeam "Bangladesh"]
[BlackTeam "Singapore"]
[WhiteFideId "10200037"]
[BlackFideId "8600694"]
[EventDate "2014.08.02"]

1. d4 d5 2. Nf3 Nf6 3. c4 c6 4. e3 a6 5. Bd3 Bg4 6. Nbd2 e6 7. Qc2 dxc4 8. Nxc4
Bxf3 9. gxf3 c5 10. dxc5 Bxc5 11. a3 b5 12. Nd2 Nbd7 13. Ne4 Rc8 14. Nxf6+ Qxf6
15. Ke2 Ke7 16. Qb1 Ne5 17. Be4 Qh4 18. b3 f5 19. Bb7 Rc7 20. Bb2 Ng6 21. Rc1
Nf4+ 22. Kf1 Qh3+ 23. Ke1 Qxh2 0-1

[Event "Olimpiade 2014 - Open"]
[Site "Tromsø"]
[Date "08.08.2014"]
[Round "6.42"]
[Board "2"]
[White "Goh, Wei Ming Kevin"]
[Black "Abdulla, Al-Rakib"]
[Result "1-0"]
[WhiteTitle "IM"]
[BlackTitle "GM"]
[WhiteElo "2433"]
[BlackElo "2522"]
[WhiteTeam "Singapore"]
[BlackTeam "Bangladesh"]
[WhiteFideId "5800706"]
[BlackFideId "10200444"]
[EventDate "2014.08.02"]

1. e4 e5 2. Nf3 Nc6 3. Bc4 Nf6 4. d3 Bc5 5. c3 O-O 6. O-O d5 7. exd5 Nxd5 8. Re1
Bg4 9. h3 Bh5 10. b4 Be7 11. b5 Na5 12. Rxe5 Nf6 13. Nbd2 Bd6 14. Re1 Qd7 15.
Qa4 Nxc4 16. Qxc4 a6 17. Rb1 axb5 18. Qxb5 Rxa2 19. Qxb7 Nd5 20. Rb3 Nf4 21. c4
h6 22. d4 Ra1 23. Rbe3 Rfa8 24. Bb2 R1a7 25. Qb3 c6 26. Ne5 Qc7 27. Ndf3 Rb7 28.
Qc2 f6 29. c5 Bf8 30. Nc4 Nd5 31. Rb3 Rxb3 32. Qxb3 Rb8 33. Qa3 Bf7 34. Nfd2 Nf4
35. Bc1 Qd8 36. Qc3 Qd5 37. Ne3 Qg5 38. Ng4 Qg6 39. Qg3 Nd3 40. Re3 Nxc1 41.
Qxb8 h5 42. Nh2 Qc2 43. Nhf3 Bg6 44. Ra3 Qd1+ 45. Kh2 Qe2 46. Ra8 1-0

[Event "Olimpiade 2014 - Open"]
[Site "Tromsø"]
[Date "08.08.2014"]
[Round "6.42"]
[Board "3"]
[White "Hossain, Enamul"]
[Black "Gong, Qianyun"]
[Result "1/2-1/2"]
[WhiteTitle "GM"]
[BlackTitle "WIM"]
[WhiteElo "2421"]
[BlackElo "2328"]
[WhiteTeam "Bangladesh"]
[BlackTeam "Singapore"]
[WhiteFideId "10200649"]
[BlackFideId "8602425"]
[EventDate "2014.08.02"]

1. e4 e6 2. d4 d5 3. Nd2 h6 4. c3 c5 5. dxc5 Bxc5 6. Bd3 Nf6 7. Qe2 O-O 8. Ngf3
Nc6 9. O-O e5 10. exd5 Nxd5 11. Ne4 Be7 12. Rd1 Qc7 13. Bc4 Nf4 14. Bxf4 exf4
15. h3 Bf5 16. Rd5 Bg6 17. Re1 Rad8 18. Ned2 Bf6 19. Nb3 a6 20. a4 Qc8 21. Rxd8
Rxd8 22. Nbd2 Na5 23. Ba2 Bd3 24. Qd1 Nc4 25. Nxc4 Bxc4 26. Qa1 g6 27. Re4 Bxa2
28. Qxa2 Rd1+ 29. Re1 Qd7 30. Qb3 Rd5 31. Qb4 g5 32. Qc4 Kg7 33. Qe4 Ra5 34. Ra1
b5 35. Nd4 bxa4 36. Nf3 a3 37. Rxa3 Rxa3 38. bxa3 Qd1+ 39. Kh2 Bxc3 40. Qc4 Bb2
41. Qxa6 Qc2 42. Qa7 Bf6 43. a4 h5 44. h4 g4 45. Ng5 Qb3 46. g3 fxg3+ 47. fxg3
Qc2+ 1/2-1/2

[Event "Olimpiade 2014 - Open"]
[Site "Tromsø"]
[Date "08.08.2014"]
[Round "6.42"]
[Board "4"]
[White "Lee, Qing Aun"]
[Black "Murshed, Niaz"]
[Result "0-1"]
[BlackTitle "GM"]
[WhiteElo "1893"]
[BlackElo "2453"]
[WhiteTeam "Singapore"]
[BlackTeam "Bangladesh"]
[WhiteFideId "5804167"]
[BlackFideId "10200010"]
[EventDate "2014.08.02"]

1. e4 g6 2. d4 Bg7 3. Nc3 d6 4. Be3 a6 5. Qd2 b5 6. a3 Bb7 7. f3 Nd7 8. Nge2 c5
9. g4 Rc8 10. h4 h6 11. Bg2 e6 12. g5 h5 13. f4 Ne7 14. O-O O-O 15. Rad1 b4 16.
Nb1 bxa3 17. Nxa3 d5 18. e5 c4 19. Qe1 Nb8 20. b3 cxb3 21. cxb3 Re8 22. b4 Bf8
23. Rb1 Nf5 24. Bf2 Qd7 25. Qd1 Bc6 26. Nc1 Ba4 27. Qd2 Nc6 28. Bh3 a5 29. b5
Nb4 30. Bxf5 exf5 31. Nb3 Bxb5 32. Nxb5 Qxb5 33. Nc5 Bxc5 34. dxc5 Qd3 35. Qb2
Qh3 36. Qd4 Nd3 37. Rb3 Qg4+ 38. Kh1 Nxc5 39. Rb6 Qf3+ 40. Kg1 Ne6 41. Qb2 Nxf4
42. Bc5 Qg3+ 0-1

[Event "Olimpiade 2014 - Open"]
[Site "Tromsø"]
[Date "08.08.2014"]
[Round "6.43"]
[Board "1"]
[White "Ly, Moulthun"]
[Black "Gaealafshwe, Barileng"]
[Result "1/2-1/2"]
[WhiteTitle "IM"]
[BlackTitle "CM"]
[WhiteElo "2462"]
[BlackElo "2222"]
[WhiteTeam "Australia"]
[BlackTeam "Botswana"]
[WhiteFideId "3204405"]
[BlackFideId "11300310"]
[EventDate "2014.08.02"]

1. e4 c6 2. Nc3 d5 3. Qf3 dxe4 4. Nxe4 Nd7 5. d4 Ngf6 6. Bc4 Nb6 7. Bd3 Nxe4 8.
Qxe4 Qd5 9. Ne2 Qxe4 10. Bxe4 Bg4 11. h3 Bh5 12. Nf4 Bg6 13. Nxg6 hxg6 14. Ke2
e6 15. g3 Be7 16. c3 Bf6 17. f4 Nd5 18. h4 O-O-O 19. Bd2 Be7 20. b4 Rd7 21. Bf3
Bf6 22. Rac1 Ne7 23. Be1 Nd5 24. Bf2 Nb6 25. Be4 Nc4 26. a4 Kc7 27. Bc2 Kc8 28.
Bb3 Nb6 29. Kf3 Nd5 30. b5 Ne7 31. Rhd1 Rhd8 32. Bc4 Kb8 33. a5 cxb5 34. Bxb5
Rc7 35. a6 Nd5 36. Be1 b6 37. c4 Ne7 38. Bf2 Nf5 39. Ke4 Nd6+ 40. Kd3 Rdc8 41.
Be3 Nf5 42. Bf2 Nd6 43. Be3 Nf5 44. Bf2 Nd6 1/2-1/2

[Event "Olimpiade 2014 - Open"]
[Site "Tromsø"]
[Date "08.08.2014"]
[Round "6.43"]
[Board "2"]
[White "Khetho, Phemelo"]
[Black "Illingworth, Max"]
[Result "0-1"]
[WhiteTitle "FM"]
[BlackTitle "IM"]
[WhiteElo "2195"]
[BlackElo "2439"]
[WhiteTeam "Botswana"]
[BlackTeam "Australia"]
[WhiteFideId "11300280"]
[BlackFideId "3205207"]
[EventDate "2014.08.02"]

1. e4 e6 2. d3 g6 3. g3 Bg7 4. Bg2 Ne7 5. f4 d6 6. Nf3 b5 7. O-O c5 8. Nc3 b4 9.
Ne2 Bb7 10. a3 a5 11. g4 c4 12. axb4 Qb6+ 13. Kh1 axb4 14. Rxa8 Bxa8 15. Nd2
cxd3 16. cxd3 Nd7 17. Nc4 Qa6 18. Ng3 d5 19. Ne3 O-O 20. f5 Be5 21. d4 Bxg3 22.
hxg3 dxe4 23. f6 Nd5 24. Nxd5 Bxd5 25. Qe1 Rc8 26. Qe3 Rc2 27. Bd2 Rxd2 28. Qxd2
Qxf1+ 29. Bxf1 e3+ 30. Qg2 Nxf6 31. Be2 Bxg2+ 32. Kxg2 Nd5 33. Kf3 h6 34. Bc4
Kg7 35. Ke4 Kf6 36. Kf3 Kg5 37. Be2 Kf6 38. Ke4 Ke7 39. Ke5 Nc3 0-1

[Event "Olimpiade 2014 - Open"]
[Site "Tromsø"]
[Date "08.08.2014"]
[Round "6.43"]
[Board "3"]
[White "Ikeda, Junta"]
[Black "Olebile, Thato"]
[Result "1-0"]
[WhiteTitle "FM"]
[BlackTitle "CM"]
[WhiteElo "2402"]
[BlackElo "2144"]
[WhiteTeam "Australia"]
[BlackTeam "Botswana"]
[WhiteFideId "3204731"]
[BlackFideId "11300760"]
[EventDate "2014.08.02"]

1. Nf3 Nf6 2. c4 c5 3. Nc3 g6 4. e4 d6 5. d4 cxd4 6. Nxd4 Nc6 7. Be2 Bg7 8. Be3
O-O 9. Ndb5 a6 10. Na3 Qa5 11. O-O Nd7 12. Bd2 Qd8 13. Nc2 Nc5 14. f3 Bd7 15.
Rb1 f5 16. b4 Ne6 17. exf5 gxf5 18. Nd5 Ncd4 19. Nxd4 Bxd4+ 20. Kh1 Rf7 21. Bh6
Bg7 22. Be3 f4 23. Bb6 Qf8 24. Re1 Be5 25. Bg1 Be8 26. Nb6 Rb8 27. c5 Rf6 28.
Bc4 Kh8 29. cxd6 exd6 30. Bb3 Ng7 31. Rxe5 Bg6 32. Nd7 Qd8 33. Nxf6 Qxf6 34. Re1
Nf5 35. Re6 Qg7 36. Rxd6 Re8 37. Rd8 Qf6 38. Rxe8+ Bxe8 39. Qd5 Kg7 40. Qg8+ Kh6
41. Qxe8 Qh4 42. Bc5 1-0

[Event "Olimpiade 2014 - Open"]
[Site "Tromsø"]
[Date "08.08.2014"]
[Round "6.43"]
[Board "4"]
[White "Notha, Moakofi"]
[Black "Smirnov, Anton"]
[Result "0-1"]
[BlackTitle "FM"]
[WhiteElo "2070"]
[BlackElo "2334"]
[WhiteTeam "Botswana"]
[BlackTeam "Australia"]
[WhiteFideId "11300710"]
[BlackFideId "3208923"]
[EventDate "2014.08.02"]

1. e4 c5 2. Nf3 d6 3. d4 cxd4 4. Nxd4 Nf6 5. Nc3 a6 6. Be3 e5 7. Nb3 Be6 8. f3
Nbd7 9. Qd2 h5 10. h3 Qc7 11. O-O-O h4 12. Bd3 Be7 13. Kb1 Rc8 14. f4 b5 15.
Rhe1 Nb6 16. Bxb6 Qxb6 17. Nd5 Qa7 18. Qa5 O-O 19. Bxb5 Bxd5 20. exd5 Qf2 21.
Re2 Qxf4 22. Qxa6 Ne4 23. Bc6 Rb8 24. Qa7 Bg5 25. Rde1 f5 26. a4 Ng3 27. Rf2 Qb4
28. Qa5 Qc4 29. Qc7 Ne4 30. Rfe2 Qb4 31. Rd1 Rf7 32. Rxe4 Rxc7 33. Rxb4 Rxb4 34.
Ka2 Ra7 35. c3 Rbxa4+ 36. Bxa4 Rxa4+ 37. Kb1 Rf4 38. Nd2 Kf7 39. Nf3 Bf6 40. Ne1
Rf2 41. Rc1 Re2 42. Nc2 Rxg2 43. Ne3 Rf2 44. Rf1 Rxf1+ 45. Nxf1 Bg5 46. Kc2 e4
47. Kd1 Bf4 48. b4 g5 49. b5 Ke7 50. Ke2 g4 0-1

[Event "Olimpiade 2014 - Open"]
[Site "Tromsø"]
[Date "08.08.2014"]
[Round "6.44"]
[Board "1"]
[White "Munoz Santana, Jose Lisandro"]
[Black "Wang, Puchen"]
[Result "1/2-1/2"]
[WhiteTitle "IM"]
[BlackTitle "IM"]
[WhiteElo "2438"]
[BlackElo "2449"]
[WhiteTeam "Dominican Republic"]
[BlackTeam "New Zealand"]
[WhiteFideId "6400361"]
[BlackFideId "4300904"]
[EventDate "2014.08.02"]

1. e4 e6 2. d4 d5 3. Nc3 Nf6 4. Bg5 Bb4 5. e5 h6 6. Bd2 Bxc3 7. bxc3 Ne4 8. Qg4
g6 9. Bd3 Nxd2 10. Kxd2 c5 11. Nf3 Nc6 12. dxc5 Qe7 13. Qf4 Qxc5 14. Nd4 Nxd4
15. cxd4 Qa5+ 16. c3 Bd7 17. Qf6 Rg8 18. Rhb1 Rc8 19. Rb3 Bc6 20. a4 Qd8 21. Qf4
Qg5 22. Qxg5 hxg5 23. h3 Kd7 24. Re1 Rh8 25. a5 Rb8 26. Re3 b6 27. axb6 Rxb6 28.
Rxb6 axb6 29. Kc2 g4 30. hxg4 Rh1 31. Kd2 Rh2 32. Bf1 Rh1 33. Re1 Kc7 34. Be2
Rh2 35. Ke3 g5 36. g3 Rh8 37. Ra1 Bb7 38. Bf3 Bc6 39. Be2 Bb7 40. Bb5 Rh7 41.
Be2 Rh3 42. Bf3 Bc6 43. Rh1 Rxh1 44. Bxh1 Ba4 45. Kd2 Kd7 46. f4 Ke7 47. Bf3 Kf8
48. Be2 Bb3 49. Kc1 Ba4 50. Kb2 Kg7 51. Ka3 Bd7 52. Kb4 Kf8 53. Bd3 Bc6 54. Bb5
Bb7 55. Be2 Bc6 56. Bf3 Bd7 57. c4 dxc4 58. Kxc4 Ba4 59. f5 Ke7 60. f6+ Ke8 61.
d5 exd5+ 62. Kxd5 Kd7 63. e6+ fxe6+ 64. Ke5 Bb5 65. Be4 Ba4 66. Bb7 Ke8 67. Kxe6
Bd7+ 68. Ke5 Bxg4 69. Ba6 Bd7 70. Bc4 Kf8 71. Bb3 Bg4 72. Bc4 Bd7 73. Bb3 Bg4
74. Ba4 Kf7 75. Bb5 Kf8 76. Bc4 Bd7 77. Bb3 Bg4 78. Bc4 Bd7 79. Ba2 Bg4 80. Bc4
Bd7 81. Kd6 Be8 82. Be2 b5 83. Ke6 b4 84. Kf5 Ba4 85. Bd3 Bd1 86. Kxg5 b3 87.
Kf4 Bc2 88. Ke3 Kf7 89. Kd2 Bxd3 90. Kxd3 1/2-1/2

[Event "Olimpiade 2014 - Open"]
[Site "Tromsø"]
[Date "08.08.2014"]
[Round "6.44"]
[Board "2"]
[White "Dive, Russell John"]
[Black "Puntier Andujar, William Staling"]
[Result "1-0"]
[WhiteTitle "IM"]
[BlackTitle "FM"]
[WhiteElo "2318"]
[BlackElo "2333"]
[WhiteTeam "New Zealand"]
[BlackTeam "Dominican Republic"]
[WhiteFideId "4300106"]
[BlackFideId "6400299"]
[EventDate "2014.08.02"]

1. Nf3 c5 2. g3 Nf6 3. Bg2 g6 4. O-O Bg7 5. c4 O-O 6. d4 cxd4 7. Nxd4 Nc6 8. Nc2
Qa5 9. e4 d6 10. Ne3 Nd7 11. Na3 Nb6 12. Rb1 a6 13. Nd5 Nxd5 14. cxd5 Ne5 15. b4
Qd8 16. h3 b5 17. Be3 a5 18. Nxb5 axb4 19. Rxb4 Rxa2 20. Qb1 Qa5 21. Na7 Ba6 22.
Bb6 Qa3 23. Rb3 Qa4 24. Rb4 Qc2 25. Rc1 Qxb1 26. Rbxb1 Bd3 27. Rb3 Bf6 28. Nc6
Be2 29. Nxe5 Bxe5 30. Be3 Kg7 31. h4 h6 32. Rc7 Bf6 33. Kh2 g5 34. hxg5 hxg5 35.
Rc1 g4 36. Rb4 Kg6 37. Kg1 Bg5 38. Bf4 Rfa8 39. Rb7 Bf6 40. Be3 R8a4 41. Rc8
Ra1+ 42. Kh2 Rd1 43. Rg8+ Kh7 44. Rbb8 Bf3 45. Bxf3 gxf3 46. Bg5 Bg7 47. Rge8
Kg6 48. Bxe7 Be5 49. Rg8+ Kh7 50. Rg4 f5 51. Rh4+ Kg7 52. exf5 Rxh4+ 53. Bxh4
Rd2 54. Kg1 Rd1+ 55. Kh2 Rf1 56. Rb7+ Kf8 57. Kh3 Rxf2 58. Rb3 Rf1 59. Kg4 f2
60. Rb8+ Kf7 61. Rb7+ Kg8 62. Kg5 Ra1 63. Kg6 Ra8 64. Rb1 Bc3 65. Rf1 Bd4 66. g4
Ra2 67. g5 Re2 68. f6 Kf8 69. Bg3 Bc5 70. Rh1 Ke8 71. Rh8+ Kd7 72. Bxf2 Rxf2 73.
f7 1-0

[Event "Olimpiade 2014 - Open"]
[Site "Tromsø"]
[Date "08.08.2014"]
[Round "6.44"]
[Board "3"]
[White "Abreu Jean, Carlos Paul"]
[Black "Li, Zuhao Luke"]
[Result "0-1"]
[WhiteTitle "FM"]
[BlackTitle "FM"]
[WhiteElo "2286"]
[BlackElo "2365"]
[WhiteTeam "Dominican Republic"]
[BlackTeam "New Zealand"]
[WhiteFideId "6405525"]
[BlackFideId "4303431"]
[EventDate "2014.08.02"]

1. d4 Nf6 2. Nc3 d5 3. Bg5 e6 4. f3 Be7 5. Qd2 h6 6. Bh4 c5 7. e3 Nc6 8. Bf2 a6
9. a4 Qb6 10. a5 Qxb2 11. Ra2 Qb4 12. Ra4 cxd4 13. exd4 Qd6 14. Bd3 Qd8 15. Nge2
Nxa5 16. O-O Bd7 17. Ra2 Nc4 18. Qc1 b5 19. Re1 a5 20. Nf4 a4 21. Bxc4 bxc4 22.
Qe3 Bb4 23. Bh4 Bxc3 24. Bxf6 Qa5 25. Bxg7 Bxe1 26. Bxh8 Bd2 27. Qe5 Bxf4 0-1

[Event "Olimpiade 2014 - Open"]
[Site "Tromsø"]
[Date "08.08.2014"]
[Round "6.44"]
[Board "4"]
[White "Ker, Anthony F"]
[Black "Michelen Rodriguez, Victor Isaac"]
[Result "1-0"]
[WhiteTitle "IM"]
[WhiteElo "2316"]
[BlackElo "2239"]
[WhiteTeam "New Zealand"]
[BlackTeam "Dominican Republic"]
[WhiteFideId "4300084"]
[BlackFideId "6401317"]
[EventDate "2014.08.02"]

1. e4 e5 2. Nf3 Nc6 3. d4 d6 4. Bc4 Be7 5. h3 Nf6 6. Nc3 O-O 7. Bb3 a6 8. a4 h6
9. O-O Re8 10. Re1 Bd7 11. Be3 exd4 12. Nxd4 Bf8 13. f3 Nxd4 14. Bxd4 Be6 15.
Bxe6 Rxe6 16. Nd5 Nxd5 17. exd5 Rxe1+ 18. Qxe1 Qd7 19. Qb4 c5 20. dxc6 bxc6 21.
Bf2 c5 22. Qc4 d5 23. Rd1 Qf5 24. Rxd5 Qe6 25. Qe4 Qxe4 26. fxe4 Rb8 27. Bxc5
Bxc5+ 28. Rxc5 Rxb2 29. Rc8+ Kh7 30. Rc4 Kg6 31. Kf2 Kf6 32. Ke3 Ke5 33. Rc5+
Kd6 34. Kd4 f6 35. Ra5 Rxc2 36. Rxa6+ Ke7 37. Ra7+ Kf8 38. Kd5 Rxg2 39. Ke6 Kg8
40. Ra8+ Kh7 41. Kf7 Re2 42. Rg8 Rxe4 43. Rxg7+ Kh8 44. Rg4 Re3 45. h4 f5 46.
Rf4 Re5 47. Kg6 Kg8 48. Kxh6 Re4 49. Kg5 Re5 50. Rxf5 Re4 51. a5 Ra4 52. h5 Ra1
53. Kf6 Kf8 54. Ke6+ Ke8 55. Kd6 Rd1+ 56. Rd5 Rc1 57. Rc5 Rd1+ 58. Kc6 Rf1 59.
a6 Rf6+ 60. Kb7 1-0

[Event "Olimpiade 2014 - Open"]
[Site "Tromsø"]
[Date "08.08.2014"]
[Round "6.45"]
[Board "1"]
[White "Ali, Sebbar"]
[Black "Salih, Akar Ali Salih"]
[Result "1-0"]
[WhiteTitle "IM"]
[BlackTitle "FM"]
[WhiteElo "2387"]
[BlackElo "2315"]
[WhiteTeam "Morocco"]
[BlackTeam "Iraq"]
[WhiteFideId "8100977"]
[BlackFideId "4800575"]
[EventDate "2014.08.02"]

1. d4 d5 2. c4 c6 3. Nf3 Nf6 4. g3 dxc4 5. Bg2 b5 6. O-O Bb7 7. Ne5 e6 8. a4 a6
9. Nc3 Nd5 10. Ne4 Nd7 11. Nxf7 Kxf7 12. Ng5+ Ke7 13. e4 Nc7 14. Bf4 h6 15. Bd6+
Kxd6 16. Nf7+ Ke7 17. Nxd8 Rxd8 18. Qh5 Nf6 19. Qg6 Kd7 20. d5 cxd5 21. axb5
axb5 22. exd5 exd5 23. b3 c3 24. b4 Kc8 25. Qf5+ Kb8 26. Qe5 d4 27. Bxb7 Kxb7
28. Ra7+ 1-0

[Event "Olimpiade 2014 - Open"]
[Site "Tromsø"]
[Date "08.08.2014"]
[Round "6.45"]
[Board "2"]
[White "Noah, A .H. Al-Ali"]
[Black "Tissir, Mohamed"]
[Result "0-1"]
[WhiteTitle "IM"]
[BlackTitle "IM"]
[WhiteElo "2326"]
[BlackElo "2366"]
[WhiteTeam "Iraq"]
[BlackTeam "Morocco"]
[WhiteFideId "4800249"]
[BlackFideId "9000240"]
[EventDate "2014.08.02"]

1. Nf3 Nf6 2. g3 g6 3. Bg2 Bg7 4. O-O O-O 5. c4 d6 6. d4 a6 7. Nc3 Nc6 8. d5 Na5
9. b3 c5 10. Bd2 Rb8 11. a4 Qb6 12. Ra3 Qd8 13. e4 e5 14. dxe6 Bxe6 15. Bf4 Nh5
16. Bg5 Qd7 17. Qd2 Nc6 18. Bh6 Rfe8 19. Bxg7 Kxg7 20. Nd5 Bxd5 21. cxd5 Nb4 22.
Qc3+ Kg8 23. Nh4 b5 24. axb5 axb5 25. Rfa1 Nxd5 26. Qd2 Ndf6 27. Ra6 Nxe4 28.
Bxe4 Rxe4 29. Rxd6 Qe7 30. Rd7 Qe6 31. Nf3 Qf6 32. Raa7 Qxf3 33. Rxf7 Rd4 34.
Qxd4 Qxf7 35. Qxc5 Qf8 36. Qd5+ Kh8 37. Qe5+ Kg8 38. Qe6+ Kh8 39. Rf7 Qe8 40.
Re7 Qf8 41. Rf7 Qc5 42. b4 Qd4 43. Qe7 Kg8 44. Qe6 Ng7 45. Qa2 Kh8 46. Qe2 Nf5
47. Rc7 Rf8 48. Qxb5 Nxg3 49. hxg3 Qxf2+ 50. Kh1 Qe1+ 51. Kg2 Rf2+ 52. Kh3 Qe6+ 0-1

[Event "Olimpiade 2014 - Open"]
[Site "Tromsø"]
[Date "08.08.2014"]
[Round "6.45"]
[Board "3"]
[White "Onkoud, Abdelaziz"]
[Black "Mohammed, Zozek Salah Mohammed"]
[Result "1-0"]
[WhiteTitle "IM"]
[BlackTitle "CM"]
[WhiteElo "2383"]
[BlackElo "2226"]
[WhiteTeam "Morocco"]
[BlackTeam "Iraq"]
[WhiteFideId "9000283"]
[BlackFideId "4803361"]
[EventDate "2014.08.02"]

1. Nf3 Nf6 2. c4 c6 3. b3 d5 4. Bb2 e6 5. g3 Bd6 6. Bg2 Nbd7 7. O-O O-O 8. d3
Re8 9. Nc3 e5 10. e4 dxc4 11. dxc4 Nc5 12. Qc2 a5 13. h3 Qc7 14. Rad1 h6 15. Rd2
Be6 16. Rfd1 Rad8 17. Ne1 Be7 18. Ne2 Rxd2 19. Rxd2 Rd8 20. Rxd8+ Bxd8 21. f4
Qb6 22. Kh2 exf4 23. gxf4 a4 24. e5 axb3 25. axb3 Qxb3 26. Qxb3 Nxb3 27. exf6
Bxc4 28. Ng3 Bxf6 29. Bxf6 gxf6 30. Nf5 Kh7 31. Nd6 Na5 32. Be4+ Kg8 33. Nc2 Bd5
34. Bxd5 cxd5 35. Nf5 h5 36. Ne7+ Kg7 37. Nxd5 Nc6 38. Ndb4 Ne7 39. Ne3 Kg6 40.
Kg2 f5 41. Ned5 Nc8 42. Nd3 Nd6 43. Kf3 Kg7 44. h4 Kg6 45. Ke3 f6 46. Kd4 Kf7
47. Ne3 Kg6 48. Kc5 Ne4+ 49. Kb6 Nd2 50. Ne1 Ne4 51. Kxb7 Ng3 52. Kc6 Ne2 53.
N1g2 Nd4+ 54. Kd5 Nf3 55. Ke6 Nd4+ 56. Ke7 Nc6+ 57. Kf8 Nd4 58. Nd5 Ne6+ 59. Kg8
Kh6 60. Kf7 1-0

[Event "Olimpiade 2014 - Open"]
[Site "Tromsø"]
[Date "08.08.2014"]
[Round "6.45"]
[Board "4"]
[White "Al-Khattab, Ghassan M. Ali Ajmed"]
[Black "Hifad, Rachid"]
[Result "0-1"]
[WhiteTitle "FM"]
[BlackTitle "IM"]
[WhiteElo "2140"]
[BlackElo "2311"]
[WhiteTeam "Iraq"]
[BlackTeam "Morocco"]
[WhiteFideId "4800168"]
[BlackFideId "9000623"]
[EventDate "2014.08.02"]

1. e4 c5 2. Nf3 d6 3. d4 cxd4 4. Nxd4 Nf6 5. Nc3 a6 6. Bg5 e6 7. Be2 Be7 8. Qd2
Qc7 9. O-O O-O 10. f4 Nbd7 11. f5 e5 12. Nb3 b5 13. a3 Bb7 14. Bf3 Rac8 15. Be3
Rfe8 16. g4 h6 17. h4 d5 18. exd5 e4 19. Bf4 Bd6 20. Bd1 Bxf4 21. Qxf4 Ne5 22.
g5 hxg5 23. hxg5 Nxd5 24. Nxd5 Bxd5 25. Qe3 Nf3+ 26. Bxf3 Qg3+ 27. Kh1 exf3 0-1